| 000 | 00953nam0a22002411i 4500 | ||
|---|---|---|---|
| 001 | rc\1086761 | ||
| 005 | 20240726064514.0 | ||
| 035 | _a(NLR Aleph) 006334177 | ||
| 090 |
_a7576559 _c7576559 |
||
| 100 | _a20041126d1983 u |0rusy50 ca | ||
| 101 | 0 | _arus | |
| 102 | _aRU | ||
| 105 | _ay ||||||||| | ||
| 200 | 1 |
_aСоциально-экономические аспекты занятости женщин в сфере обслуживания _e(На материалах ЛитССР) _eАвтореф. дис. на соиск. учен. степ. канд. экон. наук _e(08.00.01) |
|
| 210 |
_aРига _d1983 |
||
| 215 | _a24 с. | ||
| 300 | _aВ надзаг.: АН ЛатвССР, Ин-т экономики | ||
| 320 | _aБиблиогр.: с. 23-24 (9 назв.) | ||
| 700 | 1 |
_aКонопене _bВ.А. _gВида Альгирдовна |
|
| 801 | 0 |
_aRU _bNLR _gpsbo |
|
| 801 | 1 |
_aRU _bELAR _2rusmarc |
|
| 852 |
_aNLR _j83-4/30174 |
||
| 942 | _cBOOK | ||